Estadísticas para Ciudades Europeas por Mapa #2

Haz click aquí para intentar la prueba.

Estadísticas generales

  • Esta prueba ha sido intentada 2.136 veces
  • La puntuación promedio es 23 de 35

Respuestas en el mapa

Las respuestas están codificadas por una escala verde-roja en el mapa de la prueba según el % correcto abajo.
 

Estadísticas de respuestas

Ciudad% Correcto
Madrid
99%
Barcelona
98%
Londres
97%
Dublin
94%
Oslo
94%
Berlín
90%
Bruselas
88%
Helsinki
88%
Kiev
88%
Milán
88%
Reikiavik
88%
Nápoles
82%
Praga
81%
Viena
81%
Mánchester
80%
Budapest
79%
Riga
76%
Múnich
75%
San Petersburgo
73%
Edimburgo
72%
Sarajevo
72%
Tirana
70%
Vilna
68%
Ginebra
48%
Toulouse
47%
Malmo
44%
Estrasburgo
42%
Nantes
41%
Róterdam
41%
Tesalónica
36%
Gdansk
33%
Sochi
25%
Heraclión
23%
Cluj Napoca
16%
Breslavia
13%

Distribución de puntuación

Porcentaje por número respondido

Porcentaje de gente con cada puntuación

Historial de tus puntuaciones

No has intentado esta prueba.